[Event "SLO-chT U20"]
[Site "Nova Gorica"]
[Date "2009.08.27"]
[Round "9"]
[White "Copi, Ambroz"]
[Black "Novak, Matic"]
[Result "1-0"]
[WhiteElo "1548"]
[BlackElo "1508"]
[PlyCount "29"]
[EventDate "2009.08.22"]
[EventType "team-tourn"]
[EventRounds "9"]
[EventCountry "SLO"]
[SourceTitle "CBM 132 Extra"]
[Source "ChessBase"]
[SourceDate "2009.11.03"]
[SourceVersion "1"]
[SourceVersionDate "2009.11.03"]
[SourceQuality "1"]

1. d4 d5 2. c4 e6 3. Nf3 Nf6 4. Bg5 Be7 5. Nc3 Nc6 6. e3 h6 7. Bh4 g5 8. Bg3 Bd6 9. Bxd6 Qxd6 10. c5 Qe7 11. Bb5 Bd7 12. Bxc6 Bxc6 13. b4 b5 14. a4 a6 15. axb5 1-0

[Event "SLO-chT U20"]
[Site "Nova Gorica"]
[Date "2009.08.26"]
[Round "8"]
[White "Novak, Matic"]
[Black "Turek, Bor Lucijan"]
[Result "1-0"]
[WhiteElo "1508"]
[BlackElo "1562"]
[PlyCount "73"]
[EventDate "2009.08.22"]
[EventType "team-tourn"]
[EventRounds "9"]
[EventCountry "SLO"]
[SourceTitle "CBM 132 Extra"]
[Source "ChessBase"]
[SourceDate "2009.11.03"]
[SourceVersion "1"]
[SourceVersionDate "2009.11.03"]
[SourceQuality "1"]

1. e4 e5 2. Nf3 Nc6 3. d4 exd4 4. Bc4 Be7 5. 0-0 d6 6. Nxd4 Nxd4 7. Qxd4 Bf6 8. Qd3 Ne7 9. Nc3 0-0 10. Bf4 Be6 11. Bb3 Nc6 12. Rab1 Be5 13. Bg3 Bxb3 14. axb3 Qd7 15. Bxe5 Nxe5 16. Qg3 f5 17. Rbd1 f4 18. Qg5 f3 19. Qxe5 Rae8 20. Qg3 Re6 21. Rd5 fxg2 22. Kxg2 c6 23. Rg5 h6 24. Rg6 Rxg6 25. Qxg6 Rf6 26. Qh5 g6 27. Qh3 Qf7 28. f3 g5 29. Kh1 Kh7 30. Qg3 h5 31. e5 Rf5 32. exd6 Kh6 33. Kg2 Rf4 34. Re1 g4 35. Re6+ Rf6 36. Qf4+ Kg7 37. Rxf6 1-0

[Event "SLO-chT U20"]
[Site "Nova Gorica"]
[Date "2009.08.25"]
[Round "6"]
[White "Novak, Matic"]
[Black "Zupec, Jan"]
[Result "0-1"]
[WhiteElo "1508"]
[BlackElo "1976"]
[PlyCount "96"]
[EventDate "2009.08.22"]
[EventType "team-tourn"]
[EventRounds "9"]
[EventCountry "SLO"]
[SourceTitle "CBM 132 Extra"]
[Source "ChessBase"]
[SourceDate "2009.11.03"]
[SourceVersion "1"]
[SourceVersionDate "2009.11.03"]
[SourceQuality "1"]

1. e4 g6 2. d4 Bg7 3. Nf3 d6 4. Be3 Nd7 5. c3 e5 6. Bc4 h6 7. Qb3 Qe7 8. Nbd2 Ngf6 9. 0-0-0 Ng4 10. h3 Nxe3 11. fxe3 Nb6 12. Rhf1 0-0 13. g4 Bd7 14. Bb5 Be6 15. Bc4 Bxc4 16. Nxc4 exd4 17. exd4 Qxe4 18. Rde1 Qd3 19. Nxb6 axb6 20. Rf2 Rae8 21. Ref1 Re2 22. Rxe2 Qxe2 23. Qd1 Re8 24. Re1 Qxd1+ 25. Kxd1 Kf8 26. g5 Rxe1+ 27. Kxe1 hxg5 28. Nxg5 Bh6 29. h4 Bxg5 30. hxg5 Ke7 31. d5 f6 32. Kf2 fxg5 33. Kf3 Kf6 34. Ke4 g4 35. Kf4 g3 36. Kxg3 Ke5 37. c4 b5 38. cxb5 Kxd5 39. Kf4 Kc5 40. Kg5 d5 41. b6 cxb6 42. Kf4 d4 43. Ke4 g5 44. Kf3 Kc4 45. Ke2 g4 46. Kd2 g3 47. b3+ Kb4 48. Ke2 d3+ 0-1

[Event "SLO-chT U20"]
[Site "Nova Gorica"]
[Date "2009.08.22"]
[Round "1"]
[White "Kroselj, Lucija"]
[Black "Novak, Matic"]
[Result "1-0"]
[WhiteElo "1500"]
[BlackElo "1508"]
[PlyCount "61"]
[EventDate "2009.08.22"]
[EventType "team-tourn"]
[EventRounds "9"]
[EventCountry "SLO"]
[SourceTitle "CBM 132 Extra"]
[Source "ChessBase"]
[SourceDate "2009.11.03"]
[SourceVersion "1"]
[SourceVersionDate "2009.11.03"]
[SourceQuality "1"]

1. e4 e5 2. Nf3 Nc6 3. Bb5 Nf6 4. Nc3 Bb4 5. Bxc6 bxc6 6. Nxe5 Qe7 7. Ng4 Bxc3 8. dxc3 Qxe4+ 9. Ne3 d6 10. 0-0 0-0 11. Re1 Re8 12. h3 c5 13. b3 Bb7 14. Bb2 Re6 15. c4 Rae8 16. Qd2 d5 17. Bxf6 d4 18. Nd5 Qxe1+ 19. Rxe1 Rxe1+ 20. Kh2 h6 21. Qf4 Bxd5 22. Qg4 g5 23. cxd5 Rf8 24. h4 Rfe8 25. f3 R8e5 26. Bxe5 Rxe5 27. Qc8+ Kg7 28. hxg5 hxg5 29. Qxc7 Rxd5 30. Qxa7 Re5 31. a4 1-0